000 00304nam a2200121Ia 4500
008 190216s9999||||xx |||||||||||||| ||und||
100 _aAbdul Jabar N
245 0 _aArabic Composition And Translation
260 _bAl-Huda Book Stall
_c2000
300 _a116
650 _aArabic Composition
942 _cBK
999 _c22470
_d22470